000 00431nam a2200181Ia 4500
001 891
005 20260306140551.0
008 260306t2000||||xx |||||||||||||| ||spa||
041 _aESP
082 _a172
_bK94
100 _aKung, Hans
_eAUT
245 0 _aUna ética mundial para la economía y la política
260 _c2000
300 _a380 páginas :
_c21 cm.
650 _aGEN
654 _aCHU
942 _cLIB
_dJUS
_fJUS
_2ddc
_n
999 _c891
_d891